Monsta X Discography Quiz Stats

 Plays Quiz not verified by Sporcle

Score 0/55 Timer 14:00
0 Plays Today
Answer % Correct
Trespass
94.6%
Beautiful
92.3%
Beautiful
92.3%
RUSH
91%
Shine Forever
90.5%
All in
88.3%
NEWTON
88.3%
Hero
86%
DRAMARAMA
85.2%
Stuck
77.5%
From Zero
77.3%
Fighter
77%
X
69.3%
Oi
66.2%
Oi
66.2%
In Time
65.9%
Tropical Night
65.9%
Perfect Girl
65.8%
Need U
64.9%
Need U
64.9%
Now Or Never
64.8%
Ex Girl (Feat. Whee In of MAMAMOO)
64.4%
Queen
62.6%
No Exit
61.7%
Be Quiet
61.7%
Amen
61.3%
Ready Or Not
60.8%
Ready Or Not
60.8%
Answer % Correct
Roller Coaster
60.4%
Blue Moon
59%
Deja Vu
58%
Because of U
56.3%
Interstellar (Performed By Joo Heon, Hyung Won, I.M) (Feat. Yella Diamond)
55.4%
Blind
55.4%
Miss You
55.4%
Miss You
55.4%
Gravity
55%
5:14 (Last Page)
54.5%
5:14 (Last Page)
54.5%
White Girl
54.1%
Honestly (Narr. Da Som Of SISTAR)
53.6%
Incomparable
53.6%
Incomparable
53.6%
Gone Bad
53.2%
Broken Heart
51.8%
Calm Down
51.4%
Calm Down
51.4%
One Love
49.5%
All I Do
49.5%
All I Do
49.5%
I'll be there
48.2%
I'll be there
48.2%
Steal Your Heart
46.8%
White Sugar
42.8%
Foul
4.1%

You're not logged in!

Compare scores with friends on all Sporcle quizzes.
OR
Log In

Sporcle TV

Today on Sporcle TV


Watch our educational content, quiz creation guides, and fun videos on Sporcle TV.

Show Comments

Extras

Top Quizzes Today


Score Distribution

Your Account Isn't Verified!

In order to create a playlist on Sporcle, you need to verify the email address you used during registration. Go to your Sporcle Settings to finish the process.

Report this User

Report this user for behavior that violates our Community Guidelines.

Details: